[Event "VIE-ch U11"]
[Site "Hanoi"]
[Date "2020.??.??"]
[Round "1"]
[White "Bui, Tuan Kiet"]
[Black "Pham, Tran Gia Phuc"]
[Result "0-1"]
[WhiteElo "2332"]
[BlackElo "1619"]
[PlyCount "94"]
[EventDate "2020.10.22"]
[EventType "swiss"]
[EventRounds "7"]
[EventCountry "VIE"]
[SourceTitle "EXT 2022"]
[Source "ChessBase"]
[SourceDate "2021.10.06"]
[SourceVersion "1"]
[SourceVersionDate "2021.10.06"]
[SourceQuality "1"]

1. e4 c5 2. Nf3 Nc6 3. d4 cxd4 4. Nxd4 Nf6 5. Nc3 e5 6. Nf5 d5 7. exd5 Bxf5 8. dxc6 bxc6 9. Bd2 Bc5 10. Qf3 Qd7 11. Na4 Bd6 12. Rc1 e4 13. Qe2 0-0 14. h3 Rfe8 15. Be3 Nd5 16. g3 Qc7 17. c3 Bg6 18. g4 Nf4 19. Qc4 Rad8 20. Rd1 h5 21. b4 Nd5 22. Bg2 Nxe3 23. fxe3 Bxb4 24. Kf2 h4 25. Rhf1 Qg3+ 26. Kg1 Bd6 27. Rxd6 Qxe3+ 28. Kh1 Rxd6 29. Qc5 Qxc5 30. Nxc5 e3 31. Re1 Re5 32. Nb7 Rd7 33. Bxc6 Rc7 34. Bf3 Rxc3 35. Nd6 Rc2 36. a3 Bd3 37. Kg1 Re6 38. Nb7 Ba6 39. Na5 Rf2 40. Bg2 Re5 41. Nc6 Rxg2+ 42. Kxg2 Bb7 43. Kf3 Bxc6+ 44. Kf4 f6 45. g5 Rxg5 46. Rxe3 Rg3 47. Re6 g5+ 0-1